| 000 | 01046nam a2200253Ia 4500 | ||
|---|---|---|---|
| 003 | GCL | ||
| 008 | 140319s9999 xx 000 0 ara d | ||
| 040 |
_aGCL / _cGCL |
||
| 082 | 0 | 4 |
_aم _b953 _bأ م |
| 100 | 1 | _aاحمد شلبى | |
| 245 | 1 | 0 |
_aموسوعة التاريخ الاسلامى والحضارة الاسلامية ( مج 1 ) : _bتاريخ العرب قبل الاسلام - السيرة النبوية العطرة - الدعوة الاسلامية وفلسفتها / _cاحمد شلبى |
| 260 |
_aالقاهرة : _bمكتبة النهضة المصرية ، _c0 |
||
| 300 |
_aمتعدد ؛ _c24 سم |
||
| 650 | 0 | 4 | _aالهجرة |
| 650 | 0 | 4 | _aالسيرة النبوية |
| 650 | 0 | 4 | _aالعرب قبل الاسلام |
| 650 | 0 | 4 | _aالتاريخ الاسلامى |
| 650 | 0 | 4 | _aالدعوة الاسلامية |
| 650 | 0 | 4 | _aالحضارة الاسلامية |
| 650 | 0 | 4 | _aالغزوات الاسلامية |
| 650 | 0 | 4 | _aالخلفاء الراشدون |
| 650 | 0 | 4 | _aالبعثة المحمدية |
| 942 |
_2ddc _cBK |
||
| 999 |
_c43958 _d43958 |
||